000 00702nam a2200253Ia 4500
003 OSt
005 20220918223956.0
006 a|||||r|||| 00| 0
007 ta
008 220917b |||||||| |||| 00| 0 eng d
024 _a225,980
037 _cTextual
040 _aARTS
_cARTS
_beng
041 _2eng
_aeng
082 _a4,42:(Y:45)g, P5
100 _aSignorielli Nancy
_9146981
245 0 _aViolence in the media
_b A reference handbook
260 _aEngland
_bABC Clio
_c2005
300 _axv, 263p
_ccm.
490 _aContemporary world issues
650 _aJOUNRALISM
_93876
942 _h4,42:(Y:45)g, P5
_cTEXL
_2CC
999 _c279891
_d279891